<?xml version="1.0" encoding="UTF-8"?><?xml-stylesheet type="text/xsl" href="static/style.xsl"?><OAI-PMH xmlns="http://www.openarchives.org/OAI/2.0/" xmlns:xsi="http://www.w3.org/2001/XMLSchema-instance" xsi:schemaLocation="http://www.openarchives.org/OAI/2.0/ http://www.openarchives.org/OAI/2.0/OAI-PMH.xsd"><responseDate>2026-06-02T11:39:55Z</responseDate><request verb="GetRecord" identifier="oai:riuma.uma.es:10630/10324" metadataPrefix="marc">https://riuma.uma.es/rest/oai/request</request><GetRecord><record><header><identifier>oai:riuma.uma.es:10630/10324</identifier><datestamp>2026-02-03T11:55:56Z</datestamp><setSpec>com_10630_2254</setSpec><setSpec>col_10630_37959</setSpec></header><metadata><record xmlns="http://www.loc.gov/MARC21/slim" xmlns:dcterms="http://purl.org/dc/terms/" xmlns:doc="http://www.lyncode.com/xoai" xmlns:xsi="http://www.w3.org/2001/XMLSchema-instance" xsi:schemaLocation="http://www.loc.gov/MARC21/slim http://www.loc.gov/standards/marcxml/schema/MARC21slim.xsd">
   <leader>00925njm 22002777a 4500</leader>
   <datafield ind2=" " ind1=" " tag="042">
      <subfield code="a">dc</subfield>
   </datafield>
   <datafield ind2=" " ind1=" " tag="720">
      <subfield code="a">Ortega-Aguaza, Bienvenido</subfield>
      <subfield code="e">author</subfield>
   </datafield>
   <datafield ind2=" " ind1=" " tag="720">
      <subfield code="a">Sanjuán-Solís, Jesús Carlos</subfield>
      <subfield code="e">author</subfield>
   </datafield>
   <datafield ind2=" " ind1=" " tag="720">
      <subfield code="a">Casquero-Tomás, Antonio</subfield>
      <subfield code="e">author</subfield>
   </datafield>
   <datafield ind2=" " ind1=" " tag="260">
      <subfield code="c">2015-09-25</subfield>
   </datafield>
   <datafield ind2=" " ind1=" " tag="520">
      <subfield code="a">The main aim of this article is to analyse, at the macro-level, why some countries are more efficient in converting inputs (physicians density and relative total health expenditure) into both a specific health-output (immunization against measles) and a health-outcome (under-five mortality rate). With this aim, a two-step Data Envelopment Analysis / Tobit analysis is applied on cross-section data for 43 developing countries in 2000, 2005 and 2010. Research findings suggest that countries with lower income inequality have achieved better efficiency levels in attaining health targets. Some other control variables are also shown to matter, including government effectiveness and the poverty gap ratio. Thus, enhancing the quality of institutions and reducing poverty are key factors which could promote efficiency in the use of resources employed in the production of basic health outputs, like children immunization programs. These two factors may explain, for example, why some developing countries are achieving higher rates of immunization against measles using the same health-input level in the period 2006-2010.</subfield>
   </datafield>
   <datafield ind1="8" ind2=" " tag="024">
      <subfield code="a">http://hdl.handle.net/10630/10324</subfield>
   </datafield>
   <datafield tag="653" ind2=" " ind1=" ">
      <subfield code="a">Países en desarrollo</subfield>
   </datafield>
   <datafield tag="653" ind2=" " ind1=" ">
      <subfield code="a">Ayuda sanitaria</subfield>
   </datafield>
   <datafield ind2="0" ind1="0" tag="245">
      <subfield code="a">An empirical analysis of the efficiency in reducing child mortality (Millennium Development Goal 4)</subfield>
   </datafield>
</record>
</metadata></record></GetRecord></OAI-PMH>